00863nam a2200241Ia 450000500170000000800410001702000180005804100120007608200170008810000250010524500850013025000120021526000360022730000210026365000130028465000280029765000220032565000410034770000200038894200070040899900170041595201890043220260429112016.0260429s9999||||xx |||||||||||||| ||und|| a9781032599045 aEnglish a378.173bCHA aChan, Cecilia Ka Yuk 0aGenerative AI in higher education : bthe ChatGPT effect / cCecilia Ka Yuk Chan a1st ed. aNew Delhi : bRoutledge,c2024. axxv, 260 p.; pbk a ChatGPT a Educational technology a Higher education aArtificial intelligence in education a Colloton, Tom  cTB c51867d51867 001040708NFICaCUTNbCUTNc300d2026-04-29eSansRack Publishing Solutions, Chennai - Invoice No. S131/25-26 on 11-02-2026l0o378.173 CHAp56906r2026-04-29 11:20:16w2026-04-29yTB